Diagnóstico social de los barrios Aguantafilo, Barrio Cuba, 15 de Setiembre, Cristo Rey y Sagrada Familia

সংরক্ষণ করুন:
গ্রন্থ-পঞ্জীর বিবরন
সংস্থা লেখক: Centro de Orientación Familiar
বিন্যাস: পাঠ‍্য
প্রকাশিত: San José: El Centro
বিষয়গুলি:
ট্যাগগুলো: ট্যাগ যুক্ত করুন
কোনো ট্যাগ নেই, প্রথমজন হিসাবে ট্যাগ করুন!

MARC

LEADER 00000 a a2200000 04500
001 18100
003
040
090 |a 025200  
110 |a Centro de Orientación Familiar  
245 |a Diagnóstico social de los barrios Aguantafilo, Barrio Cuba, 15 de Setiembre, Cristo Rey y Sagrada Familia  
260 |a San José:   |b El Centro  
300 |a 299 p  
300 |b **no definido**  
650 |a BARRIOS  
650 |a MARGINALIDAD  
650 |a TUGURIOS  
650 |a ASPECTOS GEOGRAFICOS  
650 |a SERVICIOS PUBLICOS  
650 |a VIVIENDA  
650 |a POBLACION  
650 |a ANALISIS DEMOGRAFICO  
650 |a CONDICIONES SOCIALES  
650 |a FAMILIA  
650 |a MEDIO FAMILIAR  
650 |a POBLACION  
650 |a ADQUISICION DE CONOCIMIENTOS  
650 |a ESTADO CIVIL  
650 |a SALARIOS  
650 |a MANO DE OBRA  
650 |a EMPLEO  
650 |a DESEMPLEO  
650 |a PROBLEMAS SOCIALES  
650 |a POLITICA SOCIAL  
650 |a FAMILIA  
999 |c 12561  |d 12561